<?xml version='1.0' encoding='UTF-8'?>
  <record xmlns="http://www.loc.gov/MARC21/slim">
    <leader>00000cam a22000007i 4500</leader>
    <controlfield tag="001">ocm65954022</controlfield>
    <controlfield tag="003">OCoLC</controlfield>
    <controlfield tag="005">20240514011424.7</controlfield>
    <controlfield tag="008">920410s1662    ne            000 0 dut d</controlfield>
    <datafield tag="040" ind1=" " ind2=" ">
      <subfield code="a">NLGGC</subfield>
      <subfield code="b">dut</subfield>
      <subfield code="e">fobidrtb</subfield>
      <subfield code="c">NLGGC</subfield>
      <subfield code="d">OCLCO</subfield>
      <subfield code="d">OCLCL</subfield>
      <subfield code="d">OCLCQ</subfield>
    </datafield>
    <datafield tag="029" ind1="0" ind2=" ">
      <subfield code="a">NLGGC</subfield>
      <subfield code="b">091928060</subfield>
    </datafield>
    <datafield tag="035" ind1=" " ind2=" ">
      <subfield code="a">(OCoLC)65954022</subfield>
    </datafield>
    <datafield tag="100" ind1="1" ind2=" ">
      <subfield code="a">Pers, Dirck Pietersz,</subfield>
      <subfield code="d">1581-1659.</subfield>
      <subfield code="4">aut</subfield>
    </datafield>
    <datafield tag="245" ind1="1" ind2="0">
      <subfield code="a">Bellerophon of lust tot wysheyt :</subfield>
      <subfield code="b">door sinne-beelden leerlijck vertoont : waer by zijn gevoeght De vrolijcke stemmen of stichtige en vermaecklijcke liedekens en dichten, genomen uyt de geoorlofde vrolickheydt, tot opweckinge der goede zeden : waer by noch konnen ghebonden werden, het tweede deel Urania of hemel-sang, als mede het derde deel, Gesang der zeden, van den selfden auteur /</subfield>
      <subfield code="c">door D. P. Pers ; en op 't nieuw doorgaens verm. en verb. en met de alderschoonste voysen op musijck-nooten ghepast en met konst-platen geciert ; de musijck door C. de Leeuw gecorr.</subfield>
    </datafield>
    <datafield tag="260" ind1=" " ind2=" ">
      <subfield code="a">t'Amstelredam :</subfield>
      <subfield code="b">bij Willem van Beaumont,</subfield>
      <subfield code="c">1662.</subfield>
    </datafield>
    <datafield tag="300" ind1=" " ind2=" ">
      <subfield code="a">3 dl. (1 bd.) :</subfield>
      <subfield code="b">ill. ;</subfield>
      <subfield code="c">8-o.</subfield>
    </datafield>
    <datafield tag="336" ind1=" " ind2=" ">
      <subfield code="a">tekst</subfield>
      <subfield code="b">txt</subfield>
      <subfield code="2">rdacontent/dut</subfield>
    </datafield>
    <datafield tag="337" ind1=" " ind2=" ">
      <subfield code="a">zonder medium</subfield>
      <subfield code="b">n</subfield>
      <subfield code="2">rdamedia/dut</subfield>
    </datafield>
    <datafield tag="338" ind1=" " ind2=" ">
      <subfield code="a">band</subfield>
      <subfield code="b">nc</subfield>
      <subfield code="2">rdacarrier/dut</subfield>
    </datafield>
    <datafield tag="500" ind1=" " ind2=" ">
      <subfield code="a">Dl. 2 (De laatste vernieuwde urania) en 3 (Gesangh der zeeden) zijn afzonderlijk beschreven.</subfield>
    </datafield>
    <datafield tag="510" ind1="0" ind2=" ">
      <subfield code="a">Landwehr, Emblem books Low C. 487</subfield>
    </datafield>
    <datafield tag="700" ind1="1" ind2=" ">
      <subfield code="a">Leeuw, Cornelis de,</subfield>
      <subfield code="d">1613-1664/1665.</subfield>
      <subfield code="4">edt</subfield>
    </datafield>
    <datafield tag="758" ind1=" " ind2=" ">
      <subfield code="a">Bellerophon, of, Lust tot wysheyt (Text)</subfield>
      <subfield code="1">https://id.oclc.org/worldcat/entity/E39PCGqxHmqxVVw3B9q4hBtpCP</subfield>
      <subfield code="4">https://id.oclc.org/worldcat/ontology/hasWork</subfield>
    </datafield>
    <datafield tag="776" ind1="0" ind2=" ">
      <subfield code="t">Bellerophon of lust tot wysheyt</subfield>
      <subfield code="w">(NL-LeOCL)426049896</subfield>
    </datafield>
    <datafield tag="936" ind1=" " ind2=" ">
      <subfield code="a">BATCHLOAD</subfield>
    </datafield>
  </record>